UBT Library

The Alaskans / (Record no. 1013)

000 -LEADER
fixed length control field 00522nam a22001817a 4500
008 - FIXED-LENGTH DATA ELEMENTS--GENERAL INFORMATION
fixed length control field 150609b xxu||||| |||| 00| 0 eng d
041 0# - LANGUAGE CODE
Language code of text/sound track or separate title eng
080 ## - UNIVERSAL DECIMAL CLASSIFICATION NUMBER
Universal Decimal Classification number 98
245 00 - TITLE STATEMENT
Title The Alaskans /
Statement of responsibility, etc by the editors of Time-Life Books ; with text by Keith Wheeler.
260 ## -
-- Alexandria, Va. :
-- Time-Life Books,
-- c1977.
300 ## -
-- 240 f. :
-- me il. ;
-- 29 cm.
490 ## -
-- The Old West
500 ## -
-- Index: 238-240
650 #0 -
-- The Alaskans
650 #0 -
-- Popujt e Alaskes
700 1# -
-- Wheeler, Keith.
942 ## - ADDED ENTRY ELEMENTS (KOHA)
Source of classification or shelving scheme
Item type Books

No items available.

UBT Library © 2015-2024. All rights reserved University Education for Business and Technology